000 00706nam a2200229 a 4500
005 20240228063848.0
008 031023s1995 mx r 000 0 spa d
020 _a9681648366
035 _aUPN01000130355
049 _aI
050 4 _aPZ71
_bS4.4 1995
100 1 _aSegovia, Francisco,
_d1958-
_938835
245 1 0 _aKasparavicius :
_bel país de jauja /
_cFrancisco Segovia.
250 _a2a ed.
260 _aMéxico :
_bFCE,
_c1995.
300 _a[24] p. :
_bprincipalmente il. col.
440 4 _aLos especiales de a la orilla del viento
534 _pTraducción de:
_tSchlaraffenland
650 4 _aCuentos infantiles
_96744
650 4 _aLibros y lectura para niños
_92290
905 _aInfantil
999 _c102512
_d102512